[Event "FRA-ch U10"]
[Site "Aix les Bains"]
[Date "2009.04.20"]
[Round "2"]
[White "Corveille, Victor"]
[Black "Ginovart, Axel"]
[Result "0-1"]
[WhiteElo "1470"]
[BlackElo "1707"]
[PlyCount "92"]
[EventDate "2009.04.19"]
[EventType "swiss"]
[EventRounds "9"]
[EventCountry "FRA"]
[SourceTitle "CBM 130 Extra"]
[Source "ChessBase"]
[SourceDate "2009.07.02"]
[SourceVersion "2"]
[SourceVersionDate "2009.07.15"]
[SourceQuality "1"]

1. e4 c5 2. Nc3 a6 3. Nge2 Nc6 4. d4 cxd4 5. Nxd4 Nf6 6. Nxc6 bxc6 7. e5 Ng8 8. Bc4 f6 9. Qf3 Qa5 10. e6 d5 11. 0-0 Bxe6 12. Re1 Bf7 13. Bb3 e5 14. Bf4 Bd6 15. Rad1 Ne7 16. Bd2 Qc7 17. Qg4 0-0 18. Bh6 Bg6 19. Qe6+ Kh8 20. Qh3 gxh6 21. Qxh6 Nf5 22. Qh3 Kg7 23. Ne2 a5 24. c3 Kg8 25. Bc2 Ne3 26. Qxe3 Bxc2 27. Rd2 Bg6 28. Ng3 e4 29. b3 Bf4 30. Qd4 Bxd2 31. Qxd2 a4 32. b4 a3 33. b5 Bf7 34. Qh6 Qe5 35. f4 Qxc3 36. Re2 e3 37. h3 Bg6 38. h4 f5 39. h5 Be8 40. Qe6+ Kh8 41. Rxe3 Qf6 42. bxc6 Bxc6 43. Qxf6+ Rxf6 44. Re5 Re8 45. Rxf5 Rxf5 46. Nxf5 Re2 0-1